| 000 | 01156nam a2200301 a 4500 | ||
|---|---|---|---|
| 999 |
_c28125 _d28125 |
||
| 001 | 4406570 | ||
| 003 | OSt | ||
| 005 | 20170215111718.0 | ||
| 008 | 920826s1992 ilua b 001 0 eng | ||
| 010 | _a 92206213 | ||
| 040 |
_aDLC _cDLC |
||
| 050 | 0 | 0 |
_aMT339.5 _b.W66 1992 |
| 082 | 0 | 0 |
_a788.2 _220 |
| 245 | 0 | 0 |
_aWoodwind anthology : _ba compendium of woodwind articles from the Instrumentalist. |
| 260 |
_aNorthfield, Ill. (200 Northfield Rd., Northfield) : _bInstrumentalist Co., _cc1992. |
||
| 300 |
_a2 v. : _bill. ; _c30 cm. |
||
| 490 | 1 |
_aAnthology series ; _vv. 1-2 |
|
| 500 | _aSome articles originally appeared in Flute talk. | ||
| 504 | _aIncludes bibliographies and indexes. | ||
| 505 | 0 | _av. 1. Flute, General articles -- v. 2. Clarinet, Saxophone, Oboe, Bassoon. | |
| 650 | 0 |
_aWoodwind instruments _xInstruction and study. |
|
| 730 | 0 | _aInstrumentalist. | |
| 730 | 0 | _aFlute talk. | |
| 830 | 0 |
_aAnthology series (Evanston, Ill.) ; _vv. 1-2. |
|
| 906 |
_a7 _bcbc _corignew _d2 _encip _f19 _gy-gencatlg |
||
| 942 |
_2lcc _cBOOKS _hMT 339 .W66 1992 |
||